00359nam a22000977a 4500008004100000082001200041245011300053260004900166300002400215650002200239200325b ||||| |||| 00| 0 eng d a312 UNI a1988 Population Census:bPreliminary report/cMinistry of Finance, Economic Affairs and Planning.-hEnglish. aDar Es Salaam:bBureau of Statistics,c1988. a201p;bill;c29cm.- 2POPULATION CENSUS